Global financial accounting and reporting : (Record no. 303)
| 000 -LEADER | |
|---|---|
| fixed length control field | 01056cam a2200289Ia 4500 |
| 001 - CONTROL NUMBER | |
| control field | 5684630 |
| 003 - CONTROL NUMBER IDENTIFIER | |
| control field | OSt |
| 005 - DATE AND TIME OF LATEST TRANSACTION | |
| control field | 20140116120824.0 |
| 008 - FIXED-LENGTH DATA ELEMENTS--GENERAL INFORMATION | |
| fixed length control field | 060310s2006 enka 001 0 eng d |
| 020 ## - INTERNATIONAL STANDARD BOOK NUMBER | |
| International Standard Book Number | 9781408017722 |
| 035 ## - SYSTEM CONTROL NUMBER | |
| System control number | (OCoLC)ocm68703944 |
| 035 ## - SYSTEM CONTROL NUMBER | |
| System control number | (NNC)5684630 |
| 040 ## - CATALOGING SOURCE | |
| Original cataloging agency | QCL |
| Transcribing agency | QCL |
| Modifying agency | BAKER |
| -- | UAB |
| -- | IXA |
| 050 #4 - LIBRARY OF CONGRESS CALL NUMBER | |
| Classification number | HF5686.W35 2009 |
| 100 1# - MAIN ENTRY--PERSONAL NAME | |
| Personal name | Walton, Peter J. |
| 245 10 - TITLE STATEMENT | |
| Title | Global financial accounting and reporting : |
| Remainder of title | principles and analysis / |
| Statement of responsibility, etc | Peter Walton, Walter Aerts. |
| 260 ## - PUBLICATION, DISTRIBUTION, ETC. (IMPRINT) | |
| Place of publication, distribution, etc | Australia : |
| Name of publisher, distributor, etc | Cengage Learning, |
| Date of publication, distribution, etc | 2009. |
| 300 ## - PHYSICAL DESCRIPTION | |
| Extent | xvii, 521 p. : |
| Other physical details | ill. |
| 500 ## - GENERAL NOTE | |
| General note | Includes index. |
| 505 ## - FORMATTED CONTENTS NOTE | |
| Formatted contents note | The accounting and business environment-- Basic financial statements-- An introduction to financial statement analysis-- The financial statement of multinational companies-- Advamced financial statement analysis |
| 650 #0 - SUBJECT ADDED ENTRY--TOPICAL TERM | |
| Topical term or geographic name as entry element | International business enterprises |
| General subdivision | Accounting. |
| 650 #0 - SUBJECT ADDED ENTRY--TOPICAL TERM | |
| Topical term or geographic name as entry element | Financial statements. |
| 700 1# - ADDED ENTRY--PERSONAL NAME | |
| Personal name | Aerts, Walter. |
| 942 ## - ADDED ENTRY ELEMENTS (KOHA) | |
| Source of classification or shelving scheme | |
| Koha item type | Book |
| 948 1# - LOCAL PROCESSING INFORMATION (OCLC); SERIES PART DESIGNATOR (RLIN) | |
| Series part designator, SPT (RLIN) | 20060807 |
| b (OCLC) | c |
| c (OCLC) | sds12 |
| d (OCLC) | MPS |
| Withdrawn status | Lost status | Source of classification or shelving scheme | Damaged status | Not for loan | Home library | Current library | Date acquired | Source of acquisition | Total Checkouts | Total Renewals | Full call number | Barcode | Date last seen | Date checked out | Copy number | Price effective from | Koha item type |
|---|---|---|---|---|---|---|---|---|---|---|---|---|---|---|---|---|---|
| Riara University Library | Riara University Library | 15/10/2011 | Purchase | 2 | 1 | HF5686.W35 2009 | 1820/11 | 24/05/2014 | 26/04/2014 | C.1 | 15/10/2011 | Book | |||||
| Riara University Library | Riara University Library | 15/10/2011 | Purchase | 1 | HF5686.W35 2009 | 1819/11 | 08/12/2023 | 22/11/2023 | C.2 | 15/10/2011 | Book | ||||||
| Riara University Library | Riara University Library | 15/10/2011 | Purchase | HF5686.W35 2009 | 1821/11 | 15/10/2011 | C.3 | 15/10/2011 | Book | ||||||||
| Riara University Library | Riara University Library | 15/10/2011 | Purchase | HF5686.W35 2009 | 2021/11 | 15/10/2011 | C.4 | 15/10/2011 | Book | ||||||||
| Riara University Library | Riara University Library | 15/10/2011 | Purchase | 1 | HF5686.W35 2009 | 2022/11 | 24/05/2022 | 13/01/2022 | C.5 | 15/10/2011 | Book | ||||||
| Riara University Library | Riara University Library | 15/10/2011 | Purchase | 1 | HF5686.W35 2009 | 2023/11 | 11/10/2012 | 09/10/2012 | C.6 | 15/10/2011 | Book |
